Szczegóły MARC21

Władza menedżerska i przywództwo /

005 -DATA I CZAS OSTATNIEJ MODYFIKACJI [,]
    • @
    • pole kontrolne
    • 20100714102149.0
020 -Międzynarod. znormalizowany nr książki - ISBN [ , ]
    • a
    • Numer ISBN
    • 8388789066 Find
040 -Instytucja sporządzająca opis [ , ]
    • a
    • Instytucja, która sporządziła opis (NP)
    • SZCZ U/IJ
    • c
    • Instytucja, która sporządziła rekord (NP)
    • SZCZ U/IJ
    • d
    • Instytucja, która zmodyfikowała rekord (P)
    • SZCZ U/JŚ
041 -Język dokumentu [0, ]
    • a
    • Język tekstu (P)
    • polski
044 -Kraj miejsca wydania [ , ]
    • a
    • Kraj miejsca wydania
    • Polska
942 -Rodzaj dokumentu [ , ]
    • c
    • Rodzaj dokumentu
    • Książka
100 -Hasło główne - nazwa osobowa [1, ]
    • 9
    • KHW
    • 14902
    • a
    • Nazwa osobowa (NP)
    • Czarnecka-Wójcik, Ewa.
245 -Strefa tytułu i oznaczenia odpowiedzialności [1,0]
    • a
    • Tytuł
    • Władza menedżerska i przywództwo / Find
    • c
    • Pozostałe elementy strefy tytułu i oznaczenia odpowiedzialności (NP)
    • Ewa Czarnecka-Wójcik, Marian Wójcik ; Śląska Wyższa Szkoła Zarządzania im. gen. Jerzego Ziętka w Katowicach.
246 -Wariant tytułu [1,4]
    • i
    • Tekst wyświetlany na ekranie monitora (NP)
    • Tyt. okł.:
    • a
    • Tytuł (NP)
    • Władza menadżerska i przywództwo
260 -Strefa adresu wydawniczego [ , ]
    • a
    • Miejsce wydania (P)
    • Katowice :
    • b
    • Nazwa wydawcy (P)
    • Wydawnictwo Śląskiej Wyższej Szkoły Zarządzania,
    • c
    • Data wydania (P)
    • 2004.
300 -Strefa opisu fizycznego [ , ]
    • a
    • Określenie formy książki i/lub objętość (NP)
    • 95 s. :
    • b
    • Oznaczenie ilustracji (NP)
    • il. ;
    • c
    • Format (NP)
    • 24 cm.
504 -Uwaga dot. bibliogr. załącznikowej [ , ]
    • a
    • Uwaga dot. bibliografii załącznikowej
    • Bibliogr.
080 -Uniwersalna Klasyfikacja Dziesiętna [ , ]
    • 2
    • Identyfikator wydania tablic
    • UDC-P058
    • 9
    • UKD
    • 2789
    • a
    • Symbol klasyfikacji
    • 316.344-057.17
    • b
    • Dopowiedzenie
    • Menedżerowie.
080 -Uniwersalna Klasyfikacja Dziesiętna [ , ]
    • 2
    • Identyfikator wydania tablic
    • UDC-P058
    • 9
    • UKD
    • 2425
    • a
    • Symbol klasyfikacji
    • 159.923
    • b
    • Dopowiedzenie
    • Osobowość. Psychologia indywidualna. Cechy charakteru. Temperamenty i ich typologia. Kształtowanie osobowości. Samowiedza. Samopoznanie. Samorealizacja. Samoakceptacja
080 -Uniwersalna Klasyfikacja Dziesiętna [ , ]
    • 2
    • Identyfikator wydania tablic
    • UDC-P058
    • 9
    • UKD
    • 2819
    • a
    • Symbol klasyfikacji
    • 316.46
    • b
    • Dopowiedzenie
    • Przywództwo i władza jako proces społeczny. Socjologia władzy.
980 -Symbol UKD [ , ]
    • a
    • UKD
    • 316.344-057.17:159.923:316.46
700 -Hasło dodatkowe - nazwa osobowa [1, ]
    • 9
    • KHW
    • 700990
    • a
    • Nazwa osobowa (NP)
    • Wójcik, Marian Find
    • c
    • Dopowiedzenie inne niż daty biograficzne (NP)
    • (ekonomia).
920 -ISBN [ , ]
    • a
    • ISBN
    • 83-88789-06-6 Find
Data inwentaryzacji Lokalizacja Numer inwentarzowy Status udost.
2010-05-19TT.10870-2